<?xml version="1.0" encoding="UTF-8"?>
<collection xmlns="http://www.loc.gov/MARC21/slim">
<record>
  <controlfield tag="001">203880</controlfield>
  <controlfield tag="005">20230212173719.0</controlfield>
  <datafield tag="024" ind1="7" ind2=" ">
    <subfield code="a">G:(EU-Grant)740750</subfield>
    <subfield code="d">740750</subfield>
    <subfield code="2">CORDIS</subfield>
  </datafield>
  <datafield tag="024" ind1="7" ind2=" ">
    <subfield code="a">G:(EU-Call)H2020-SEC-2016-2017-1</subfield>
    <subfield code="d">H2020-SEC-2016-2017-1</subfield>
    <subfield code="2">CORDIS</subfield>
  </datafield>
  <datafield tag="024" ind1="7" ind2=" ">
    <subfield code="a">corda__h2020::740750</subfield>
    <subfield code="2">originalID</subfield>
  </datafield>
  <datafield tag="035" ind1=" " ind2=" ">
    <subfield code="a">G:(EU-Grant)740750</subfield>
  </datafield>
  <datafield tag="150" ind1=" " ind2=" ">
    <subfield code="a">DAnube river region Resillience Exchange network</subfield>
    <subfield code="y">2017-09-01 - 2023-02-28</subfield>
  </datafield>
  <datafield tag="371" ind1=" " ind2=" ">
    <subfield code="a">NATSIONALNA ASOTSIASIA NA DOBROVOLTSITE V REPUBLIKA BULGARIA</subfield>
    <subfield code="b">ASSOCIATION OF VOLUNTEERS IN THE REPUBLIC OF BULGARIA</subfield>
    <subfield code="d">Bulgaria</subfield>
    <subfield code="e">http://navrb.bg</subfield>
    <subfield code="v">CORDIS</subfield>
  </datafield>
  <datafield tag="371" ind1=" " ind2=" ">
    <subfield code="a">GLAVNA DIREKTSIA POJARNA BEZOPASNOST I ZASHTITA NA NASELENIETO</subfield>
    <subfield code="b">DIRECTORATE GENERAL FIRE SAFETY AND CIVIL PROTECTION - DGFSCP</subfield>
    <subfield code="d">Bulgaria</subfield>
    <subfield code="e">http://www.nspbzn.mvr.bg</subfield>
    <subfield code="v">CORDIS</subfield>
  </datafield>
  <datafield tag="371" ind1=" " ind2=" ">
    <subfield code="a">MINISTARSTVO UNUTRASNJIH POSLOVA REPUBLIKE SRBIJE</subfield>
    <subfield code="d">Serbia</subfield>
    <subfield code="e">http://www.mup.gov.rs</subfield>
    <subfield code="v">CORDIS</subfield>
  </datafield>
  <datafield tag="371" ind1=" " ind2=" ">
    <subfield code="a">ISEM-INSTITUT PRE MEDZINARODNU BEZPECNOST A KRIZOVE RIADENIE, NO</subfield>
    <subfield code="b">ISEM-INTERNATIONAL SECURITY AND EMERGENCY MANAGEMENT INSTITUTE, NPO</subfield>
    <subfield code="d">Slovakia</subfield>
    <subfield code="e">http://www.isemi.sk</subfield>
    <subfield code="v">CORDIS</subfield>
  </datafield>
  <datafield tag="371" ind1=" " ind2=" ">
    <subfield code="a">MAGYAR POLGARI VEDELMI SZOVELSEJ</subfield>
    <subfield code="b">HUNGARIA CIVIL PROTECTION ASSOCIATION</subfield>
    <subfield code="d">Hungary</subfield>
    <subfield code="e">http://www.mpvsz.hu/</subfield>
    <subfield code="v">CORDIS</subfield>
  </datafield>
  <datafield tag="371" ind1=" " ind2=" ">
    <subfield code="a">FUNDATIA CENTRUL NATIONAL APELL PENTRU MANAGEMENTUL DEZASTRELOR</subfield>
    <subfield code="b">APELL NATIONAL CENTER FOR DISASTER MANAGEMENT FOUNDATION</subfield>
    <subfield code="d">Romania</subfield>
    <subfield code="e">http://www.apell.ro</subfield>
    <subfield code="v">CORDIS</subfield>
  </datafield>
  <datafield tag="371" ind1=" " ind2=" ">
    <subfield code="a">STAD GEEL</subfield>
    <subfield code="d">Belgium</subfield>
    <subfield code="e">http://www.geel.be</subfield>
    <subfield code="v">CORDIS</subfield>
  </datafield>
  <datafield tag="371" ind1=" " ind2=" ">
    <subfield code="a">ARTTIC</subfield>
    <subfield code="b">ARTTIC</subfield>
    <subfield code="d">France</subfield>
    <subfield code="e">http://www.arttic.fr</subfield>
    <subfield code="v">CORDIS</subfield>
  </datafield>
  <datafield tag="371" ind1=" " ind2=" ">
    <subfield code="a">Deutsches Zentrum für Luft- und Raumfahrt</subfield>
    <subfield code="b">DLR</subfield>
    <subfield code="d">Germany</subfield>
    <subfield code="e">http://www.dlr.de/</subfield>
    <subfield code="v">CORDIS</subfield>
  </datafield>
  <datafield tag="371" ind1=" " ind2=" ">
    <subfield code="a">Austrian Red Cross</subfield>
    <subfield code="b">ÖRK</subfield>
    <subfield code="d">Austria</subfield>
    <subfield code="e">https://www.roteskreuz.at/</subfield>
    <subfield code="v">CORDIS</subfield>
  </datafield>
  <datafield tag="371" ind1=" " ind2=" ">
    <subfield code="a">BUNDESMINISTERIUM DES INNERN</subfield>
    <subfield code="d">Germany</subfield>
    <subfield code="e">http://www.thw.de</subfield>
    <subfield code="v">CORDIS</subfield>
  </datafield>
  <datafield tag="371" ind1=" " ind2=" ">
    <subfield code="a">ITTI SP ZOO</subfield>
    <subfield code="b">ITTI</subfield>
    <subfield code="d">Poland</subfield>
    <subfield code="e">http://www.itti.com.pl</subfield>
    <subfield code="v">CORDIS</subfield>
  </datafield>
  <datafield tag="371" ind1=" " ind2=" ">
    <subfield code="a">UNIVERISTET U BEOGRADU,FAKULTET BEZBEDNOSTI</subfield>
    <subfield code="b">FB</subfield>
    <subfield code="d">Serbia</subfield>
    <subfield code="e">http://www.fb.bg.ac.rs</subfield>
    <subfield code="v">CORDIS</subfield>
  </datafield>
  <datafield tag="371" ind1=" " ind2=" ">
    <subfield code="a">Drzavna uprava za zastitu i spasavanje</subfield>
    <subfield code="b">DUZS</subfield>
    <subfield code="d">Croatia</subfield>
    <subfield code="e">http://www.duzs.hr/</subfield>
    <subfield code="v">CORDIS</subfield>
  </datafield>
  <datafield tag="371" ind1=" " ind2=" ">
    <subfield code="a">International Commission for the Protection of the Danube River</subfield>
    <subfield code="b">ICPDR</subfield>
    <subfield code="d">Austria</subfield>
    <subfield code="e">https://www.icpdr.org/main/</subfield>
    <subfield code="v">CORDIS</subfield>
  </datafield>
  <datafield tag="372" ind1=" " ind2=" ">
    <subfield code="a">H2020-SEC-2016-2017-1</subfield>
    <subfield code="s">2017-09-01</subfield>
    <subfield code="t">2023-02-28</subfield>
  </datafield>
  <datafield tag="450" ind1=" " ind2=" ">
    <subfield code="a">DAREnet</subfield>
    <subfield code="w">d</subfield>
    <subfield code="y">2017-09-01 - 2023-02-28</subfield>
  </datafield>
  <datafield tag="510" ind1="1" ind2=" ">
    <subfield code="0">I:(DE-588b)5098525-5</subfield>
    <subfield code="a">European Union</subfield>
    <subfield code="2">CORDIS</subfield>
  </datafield>
  <datafield tag="680" ind1=" " ind2=" ">
    <subfield code="a">The DAREnet project is to support flood management practitioners across the EU Danube River region and from different disciplines to deepen and broaden their Research, Development and Innovation related collaboration (=RDI). DAREnet will build a multi-disciplinary community of practitioners, operating in a network of civil protection organisations, and supported by a broad range of stakeholders from policy, industry and research. Together they will build a transnational and interdisciplinary ecosystem to foster synergies, innovation and its uptake.
One of the key-results of DAREnet will be a regularly updated RDI Roadmap highlighting promising innovation opportunities to cope with the main environmental and societal challenges of the region. It will provide concrete perspectives for the further development, industrialisation and uptake of innovations of highest relevance for practitioners. The Roadmap will be the result of a systematic assessment and prioritisation of promising innovations, including standardisation to foster the development of common capabilities. The RDI Roadmap will also lay the basis for concrete innovation initiatives, practitioner-driven and “bottom-up”, building a unique portfolio of joint innovation concepts for the Danube river region.
To reach sustainable impact, DAREnet will draw upon synergies with the modules and facilities of the EUCPM and the regional strategies for flood prevention and risk management of the ICPDR and EUSDR. DAREnet will promote the RDI Roadmap and Portfolio to political key-stakeholders on national, regional and European level, and will also prospect institutional options to ensure the continuity of the DAREnet innovation process after project end.</subfield>
  </datafield>
  <datafield tag="909" ind1="C" ind2="O">
    <subfield code="o">oai:juser.fz-juelich.de:832657</subfield>
    <subfield code="p">authority:GRANT</subfield>
    <subfield code="p">authority</subfield>
  </datafield>
  <datafield tag="970" ind1=" " ind2=" ">
    <subfield code="a">oai:dnet:corda__h2020::17d3e61407735de9341b5eaf661568c2</subfield>
  </datafield>
  <datafield tag="980" ind1=" " ind2=" ">
    <subfield code="a">G</subfield>
  </datafield>
  <datafield tag="980" ind1=" " ind2=" ">
    <subfield code="a">CORDIS</subfield>
  </datafield>
  <datafield tag="980" ind1=" " ind2=" ">
    <subfield code="a">AUTHORITY</subfield>
  </datafield>
  <datafield tag="909" ind1="C" ind2="O">
    <subfield code="o">oai:juser.fz-juelich.de:832657</subfield>
  </datafield>
</record>
</collection>